Normal view
MARC view
- DESIGN AND ANALYSIS OF ALGORITHMS
Entry Topical Term
001 - CONTROL NUMBER
- control field: 60907
003 - CONTROL NUMBER IDENTIFIER
- control field: NUST
005 - DATE AND TIME OF LATEST TRANSACTION
- control field: 20210628202640.0
008 - FIXED-LENGTH DATA ELEMENTS
- fixed length control field: 210628|| aca||aabn | a|a d
040 ## - CATALOGING SOURCE
- Original cataloging agency: NUST
- Transcribing agency: NUST
150 ## - HEADING--TOPICAL TERM
- Topical term or geographic name entry element: DESIGN AND ANALYSIS OF ALGORITHMS
670 ## - SOURCE DATA FOUND
- Source citation: Work cat.: (NUST): Levitin, Anany 60906, Introduction to the design and analysis of algorithms, 2005
